Sudden Death- Oceanic countries - Statistics

General Stats
  • This quiz has been taken 116 times
  • The average score is 11 of 15
Answers on the Grid
Answers color-coded by a green-red scale on the quiz's grid according to % correct below.
Vanuatu
United States of America
Tuvalu
Trinidad and Tobago
Tonga
Tonga
Suriname
Solomon Islands
Singapore
Samoa
Saint Vincent and the Grenadines
Saint Lucia
Saint Kitts and Nevis
Papua New Guinea
Palau
New Zealand
New Caledonia
Nauru
Micronesia
Marshall Islands
Malaysia
Kiribati
Indonesia
Fiji
Easter Island
Colombia
Christmas Island
Brunei
Australia
Antigua and Barbuda
 
Answer Stats
Answer % Correct
Vanuatu
92%
Tuvalu
83%
Tonga
81%
New Zealand
75%
Tonga
75%
Fiji
73%
Solomon Islands
71%
Palau
68%
Samoa
68%
Kiribati
65%
Marshall Islands
65%
Micronesia
65%
Nauru
65%
Papua New Guinea
65%
Australia
62%
No matching quizzes found
Score Distribution
Percent of People with Each Score
Percentile by Number Answered
Your Score History
You have not taken this quiz